Концепція "Емоція" та її вербалізація засобами англійської фразеології. (Запис № 284074)
[ простий вигляд ]
| 000 -LEADER | |
|---|---|
| fixed length control field | 02089nam a22001577a 4500 |
| 041 ## - LANGUAGE CODE | |
| Language code of text/sound track or separate title | ukr |
| 080 ## - UNIVERSAL DECIMAL CLASSIFICATION NUMBER | |
| Universal Decimal Classification number | 09 |
| 090 ## - LOCALLY ASSIGNED LC-TYPE CALL NUMBER (OCLC); LOCAL CALL NUMBER (OCLC) | |
| Local cutter number (OCLC) ; Book number/undivided call number, CALL (RLIN) | ГРИ |
| 100 ## - MAIN ENTRY--PERSONAL NAME | |
| Personal name | Григорєва М. В. |
| 245 ## - TITLE STATEMENT | |
| Title | Концепція "Емоція" та її вербалізація засобами англійської фразеології. |
| 260 ## - PUBLICATION, DISTRIBUTION, ETC. (IMPRINT) | |
| Place of publication, distribution, etc | Острог |
| Name of publisher, distributor, etc | КАФ |
| Date of publication, distribution, etc | 2007 |
| 300 ## - PHYSICAL DESCRIPTION | |
| Extent | 92 |
| 520 ## - SUMMARY, ETC. | |
| Summary, etc | Вступ.<br/>Розділ 1. Особливості ідентифікації та інтерпритації ФО на позначення емоційних станів людини.<br/>1.1. Проблеми інтерпретації ФО.<br/>1.2. Проблеми ідентифікації ФО.<br/>1.2.1. Характеристика моделювання процесів прочитання фразеологізмів.<br/>1.2.2. Ідентифікація фразеологізмів на основі мовних асоціацій.<br/>1.2.3. Антропоцентричний та антропометричний аспект ФО.<br/>1.3. Явище емотивності ФО.<br/>Розділ 2. Семантичний аналіз ФО на позначення емоційних станів любові, симпатії, антипатії та агресії.<br/>2.1. Опис групи ФО, що виражають почуття симпатії та захоплення.<br/>2.2. Опис групи ФО, що виражають почуття любові та кохання.<br/>2.3. Опис групи ФО, що називають обєкт симпатії та любові.<br/>2.4. Опис групи ФО, що характеризують обєкт зневаги, неприязні та негативної оцінки.<br/>2.5. Опис групи ФО на позначення почуття зневаги та неприязні.<br/>2.6. Опис групи ФО на позначення емоційного стану агресії та роздратування.<br/>Висновки. |
| -- | фразеологія, семантика |
| 650 ## - SUBJECT ADDED ENTRY--TOPICAL TERM | |
| Topical term or geographic name as entry element | Research Papers |
| 942 ## - ADDED ENTRY ELEMENTS (KOHA) | |
| Koha item type | Книги |
| Withdrawn status | Lost status | Source of classification or shelving scheme | Damaged status | Not for loan | Home library | Current library | Date acquired | Source of acquisition | Cost, normal purchase price | Total Checkouts | Full call number | Barcode | Date last seen | Price effective from | Koha item type |
|---|---|---|---|---|---|---|---|---|---|---|---|---|---|---|---|
| Universal Decimal Classification | ВІЛ - Відділ іноземн. літератури НБ | ВІЛ - Відділ іноземн. літератури НБ | 16/04/2009 | Акт №1 | 1.00 | 09 | 213547 | 15/12/2021 | 16/04/2009 | Книги |